000 00555nam a2200193Ii 4500
001 3603
003 CO-ViMGA
008 241108s9999||||xx |||||||||||||| ||und||
040 _aCO-ViMGA
_bspa
_erda
_cCO-ViMGA
041 0 _aspa
082 0 4 _a332.1 - B213
245 1 0 _aEl mercado de capitales en Colombia 1974
264 1 _aBogotá, Colombia : Tercer Mundo, 1975
300 _avolumen
336 _atext
_btxt
_2rdacontent
337 _aunmediated
_bn
_2rdamedia
338 _avolume
_bnc
_2rdacarrier
940 _aidficha_siabuc: 3517. -- ficha_no_siabuc:3603
999 _c47774
_d47774